000
00333 a2200157 4500
245
_a
Relaxation thérapeutique
100
_a
Meyer, J-P.
700
_a
Baron, E.
700
_a
Chene, J.
260
_c
1986
300
_a
XII-139 p.
035
_a
3582
999
_c
17583
_d
17583